000 00355nam a2200145Ia 4500
008 240624s9999 xx 000 0 und d
041 _aeng
082 _a332.63 FAB
100 _aFABOZZI FRANK J
245 _aFIXED INCOME ANALYSIS WORKBOOK
250 _a(2nd ed.)
260 _c2007
_aHoboken
_bJohn Wiley & Sons
300 _a360 : p.
365 _c
_b30
999 _c20177
_d20177